000
00228 a2200097 4500
001
44303
100
_a
Loper
245
_a
Basic Electricity & Electronics
260
_a
New York
_b
Van Nostrand Reinhald
_c
090
_c
28047
_d
28047
942
_a
NUST-CAE
_c
M
_c
20055
999
_c
279376
_d
279376